Central Library OPAC University of Rajshahi

A psychology of gesture / (Record no. 29738)

MARC details
000 -LEADER
fixed length control field 00843nam a2200301 4500
001 - CONTROL NUMBER
control field 29738
003 - CONTROL NUMBER IDENTIFIER
rucl marc code BD-RjUL
005 - DATE AND TIME OF LATEST TRANSACTION
control field 20211209051443.0
008 - FIXED-LENGTH DATA ELEMENTS--GENERAL INFORMATION
fixed length control field 140406s1948 nyua b 001 0 eng
020 ## - INTERNATIONAL STANDARD BOOK NUMBER
International Standard Book Number 0405031475
035 ## - SYSTEM CONTROL NUMBER
System control number (BD-RjUL)29823
040 ## - CATALOGING SOURCE
Original cataloging agency DLC
Transcribing agency DLC
Modifying agency DLC
-- BD-RjUL
Language of cataloging eng
041 ## - LANGUAGE CODE
Language code of text/sound track or separate title eng
082 00 - DEWEY DECIMAL CLASSIFICATION NUMBER
Classification number 152.384
Author mark and year WOP 1948
100 1# - MAIN ENTRY--PERSONAL NAME
Personal name Wolff, Charlotte,
Dates associated with a name 1897-1986.
9 (RLIN) 90551
245 12 - TITLE STATEMENT
Title A psychology of gesture /
Statement of responsibility, etc. Charlotte Wolff.
250 ## - EDITION STATEMENT
Edition statement 2nd ed.
260 ## - PUBLICATION, DISTRIBUTION, ETC. (IMPRINT)
Place of publication, distribution, etc. New York :
Name of publisher, distributor, etc. Arno Press,
Date of publication, distribution, etc. 1948.
300 ## - PHYSICAL DESCRIPTION
Pagination xvii, 225 p. :
Illustrations ill. ;
Size 24 cm.
504 ## - BIBLIOGRAPHY, ETC. NOTE
Bibliography, etc Bibliography: p. 214-217.
Bibliography, etc Includes index.
650 #0 - SUBJECT ADDED ENTRY--TOPICAL TERM
Topical term or geographic name as entry element Gesture.
9 (RLIN) 51087
Topical term or geographic name as entry element Hand.
9 (RLIN) 58921
942 ## - ADDED ENTRY ELEMENTS (KOHA)
Source of classification or shelving scheme Dewey Decimal Classification
Koha item type Books
Holdings
Lost status Source of classification or shelving scheme Damaged status Not for loan Collection code Permanent Location Current Location Shelving location Date acquired Source of acquisition Cost, normal purchase price Total Checkouts Full call number Date last seen Copy number Koha item type
  Dewey Decimal Classification   Added to bundle Non-fiction Central Library, University of Rajshahi Central Library, University of Rajshahi Reading Room 09/01/1956 SImpkin marshall 0.16   152.384 WOP 1948 07/04/2014 C-1 Books